000 00717nas a2200241 4500
001 BR8904128
003 BR-BrBNA
005 20231205091652.0
007 ta
008 230509b bl.|||p| |||| 00| 00por d
040 _aBR-BrBNA
_bpor
_cBiblioteca Nacional de Agricultura
041 _a(Pt)
072 _aF01
100 1 _aSilva, P.S.L.
100 1 _aSilva, K.M.B.
245 1 _aProducao de "milho verde" em funcao de niveis de nitrogenio e populacoes de plantas
650 _aMILHO
650 _aPRODUCAO VEGETAL
650 _aRIO GRANDE DO NORTE
773 0 _tCaatinga (Brazil)
_xISSN 0100-316X
_g(1985), v. 5(1-2) p. 16-21
_wBR8904128
909 _a202311
_bLúcia
_c55
_dLúcia Elande
942 _2AGRIS
_n0
_cANA
999 _c126574
_d126574